000 01221nam a2200337 i 4500
003 OSt
005 20231025145031.0
008 231003t20222022enkao b 00| 0 eng d
020 _a9780241559413
_cRM34.75
_qpaperback
040 _aPPAK
_beng
_cPPAK
_erda
082 0 4 _223
_a621.988
090 0 0 _a621.988
_bSAU
_dK
100 1 _aSaunders, Catherine,
_eauthor.
245 1 0 _a3D PRINTING /
_cWritten by Catherine Saunders ; Series Editor: Nick Coates ; Designed by Dynamo Limited
246 3 3 _aThree dimensional printing
264 1 _aLondon :
_bLadybird Books,
_c2022
264 4 _c©2022
300 _a31 pages :
_bcolour photograph ;
_c26 cm
336 _2rdacontent
_atext
337 _2rdamedia
_aunmediated
338 _2rdacarrier
_avolume
490 1 _aDO YOU KNOW? ;
_vLevel 1
500 _aIncludes questions and exercises
520 _aCan you 3D print a house? Do astronauts have 3D printers? Find out more about the science of 3D printing.
650 1 0 _aThree-dimensional printing
_vJuvenile literature.
650 2 0 _aReaders (Primary)
700 1 _aCoates, Nick,
_eeditor.
710 2 _aDynamo Limited,
_eillustrator.
830 0 _aDo you know? ;
_nlevel 1
942 _2ddc
_cB
999 _c193245
_d193245